00568nam a22001697a 450000500170000001000150001702000270003203500140005903700130007308200080008610000200009424500920011426000310020627001200023730000230035770000180038020190709164512.0 aENG-125871 a9789386761750c1995.00 aEN-109403 bDBAD/PUB a382 aAgarwal, Shobha aInternational trade, growth and public finance /cby Shobha Agarwal [and] H.S. Agarwal aNew DelhibAne Booksc2018 a4821, Parwana Bhawan, 1st Floor, 24 Ansari Road, DaryaganjbNew Delhie110002k011-23276843-44mkapoor@anebooks.com avi,383p.c24cm(Hb) aAgarwal, H.S.